Englands Fußballer des Jahres - Statistiken

Allgemein
  • Dieses Quiz wurde 567 mal gespielt
  • Das Durchschnittsergebnis liegt bei 21 aus 40
Antwortstatistiken
Jahr Spieler Verein/e Nation % Korrekt
2018 Mohamed Salah FC Liverpool Ägypten
96%
2007 Cristiano Ronaldo Manchester United Portugal
92%
2008 Cristiano Ronaldo Manchester United Portugal
92%
2013 Gareth Bale Tottenham Hotspur/Real Madrid Wales
92%
2019 Virgil van Dijk FC Liverpool Niederlande
91%
2016 Jamie Vardy Leicester City England
90%
2014 Luis Suárez FC Liverpool/FC Barcelona Uruguay
89%
2003 Thierry Henry FC Arsenal Frankreich
85%
2004 Thierry Henry FC Arsenal Frankreich
85%
2017 N'Golo Kanté FC Chelsea Frankreich
84%
2015 Alexis Sánchez FC Arsenal Chile
80%
2010 Wayne Rooney Manchester United England
80%
2012 Robin van Persie FC Arsenal/Manchester United Niederlande
77%
2009 Ryan Giggs Manchester United Wales
77%
2020 Jordan Henderson FC Liverpool England
75%
2021 Rúben Dias Manchester City Portugal
74%
2000 Roy Keane Manchester United Irland
69%
2001 Steven Gerrard FC Liverpool England
67%
2006 Steven Gerrard FC Liverpool England
67%
1994 Alan Shearer Blackburn Rovers England
63%
1997 Alan Shearer Newcastle United England
63%
1998 Dennis Bergkamp FC Arsenal Niederlande
47%
2005 John Terry FC Chelsea England
45%
1996 Éric Cantona Manchester United Frankreich
40%
1984 Ian Rush FC Liverpool Wales
40%
1986 Gary Lineker FC Everton/FC Barcelona England
37%
1992 Gary Lineker Tottenham Hotspur/Nagoya Grampus Eight England
37%
1995 Jürgen Klinsmann Tottenham Hotspur/FC Bayern München Deutschland
37%
2002 Robrt Pires FC Arsenal Frankreich
34%
1983 Kenny Dalglish FC Liverpool Schottland
33%
1988 John Barnes FC Liverpool England
12%
1982 Kevin Keegan FC Southampton/Newcastle United England
12%
1999 David Ginola Tottenham Hotspur Frankreich
10%
1989 Mark Hughes Manchester United Wales
4%
1991 Mark Hughes Manchester United Wales
4%
2011 Scott Parker West Ham United/Tottenham Hotspur England
4%
1987 Clive Allen Tottenham Hotspur England
2%
1990 David Platt Aston Villa England
2%
1985 Neville Southall FC Everton Wales
2%
1993 Paul McGrath Aston Villa Irland
2%
Keine übereinstimmenden Quizze gefunden
Verteilung der Resultate
Anzahl Personen mit jedem Resultat
Perzentil nach korrekt beantworteten Fragen
Ihre Resultats-Entwicklung
Sie haben dieses Quiz noch nicht gespielt